NBA Jersey Numbers Click Quiz - Statistics

General Stats
  • This quiz has been taken 19,254 times
  • The average score is 13 of 20
Answer Stats
Hint Answer % Correct
Michael Jordan 23
95%
Stephen Curry 30
83%
Lebron James (Cavs) 23
79%
Damian Lillard 0
78%
Chris Paul 3
76%
Russell Westbrook (all but Wizards) 0
75%
Luka Dončić 77
75%
Giannis Antetokounmpo 34
70%
Dwyane Wade (Heat) 3
69%
Derrick Rose (Bulls) 1
67%
Paul George (2015–) 13
67%
Kevin Durant (all but Nets) 35
61%
Larry Bird 33
59%
Nikola Jokić 15
56%
Dirk Nowitzki 41
52%
Joel Embiid 21
49%
Devin Booker 1
47%
Magic Johnson 32
47%
Andrei Kirilenko 47
46%
Shai Gilgeous-Alexander 2
43%
No matching quizzes found
Score Distribution
Percent of People with Each Score
Percentile by Number Answered
Your Score History
You have not taken this quiz